[Event "FRA-chT1 1011"]
[Site "France"]
[Date "2010.11.13"]
[Round "2.6"]
[White "Fournet, Arnaud"]
[Black "Martinez, Jean Philippe"]
[Result "1-0"]
[WhiteElo "2171"]
[BlackElo "2104"]
[PlyCount "99"]
[EventDate "2010.10.17"]
[EventType "team-tourn"]
[EventRounds "11"]
[EventCountry "FRA"]
[SourceTitle "EXT 2012"]
[Source "ChessBase"]
[SourceDate "2011.11.24"]
[SourceVersion "1"]
[SourceVersionDate "2011.11.24"]
[SourceQuality "1"]

1. e4 d6 2. d4 Nf6 3. Nc3 g6 4. Nf3 Bg7 5. Be2 0-0 6. 0-0 e6 7. Re1 a6 8. a4 b6 9. Bf4 Bb7 10. Bf1 h6 11. Qd2 Kh7 12. h3 Nc6 13. Rad1 Ne7 14. g4 g5 15. Bg3 Ng6 16. Bd3 Kg8 17. Qe3 Qd7 18. e5 Nd5 19. Nxd5 Bxd5 20. Nxg5 hxg5 21. Qxg5 Qc6 22. f4 dxe5 23. dxe5 Qc5+ 24. Kh2 Bf3 25. Rd2 Rfd8 26. f5 Qb4 27. fxg6 fxg6 28. c3 Qxa4 29. Qxg6 Rxd3 30. Qxd3 Bd5 31. Rf2 Rf8 32. Rxf8+ Bxf8 33. Qg6+ Bg7 34. h4 Qa2 35. Qc2 Qc4 36. g5 Qg4 37. Qe2 Bf3 38. Qf2 Bd5 39. Qf4 Qh5 40. Rf1 Kh7 41. Re1 a5 42. c4 Bb7 43. Bf2 Bc6 44. Bd4 Bb7 45. Bc3 Bc6 46. Kg3 Bb7 47. Qg4 Qe8 48. h5 Qc6 49. Kh4 a4 50. h6 1-0

[Event "FRA-chT2 0910"]
[Site "France"]
[Date "2010.01.24"]
[Round "7.5"]
[White "Ricroque, Jean Pierre"]
[Black "Fournet, Arnaud"]
[Result "1-0"]
[WhiteElo "2041"]
[BlackElo "2185"]
[PlyCount "67"]
[EventDate "2009.09.27"]
[EventType "team-tourn"]
[EventRounds "11"]
[EventCountry "FRA"]
[SourceTitle "EXT 2011"]
[Source "ChessBase"]
[SourceDate "2010.11.26"]
[SourceVersion "1"]
[SourceVersionDate "2010.11.26"]
[SourceQuality "1"]

1. d4 d5 2. Nf3 Nf6 3. c4 c6 4. Nc3 e6 5. e3 Nbd7 6. Bd3 dxc4 7. Bxc4 b5 8. Bd3 Bb7 9. 0-0 a6 10. e4 c5 11. d5 exd5 12. exd5 Nxd5 13. Nxd5 Bxd5 14. Bxb5 Be6 15. Bc6 Ra7 16. Ng5 Qb6 17. Qf3 Rc7 18. Re1 Be7 19. Rxe6 fxe6 20. Qf7+ Kd8 21. Nxe6+ Kc8 22. Nxc7 Qxc7 23. Qe6 Qd6 24. Bxd7+ Qxd7 25. Qxa6+ Kd8 26. Bf4 Ke8 27. Re1 Rf8 28. Bg5 Rf7 29. Qa8+ Qd8 30. Qxd8+ Kxd8 31. Bxe7+ Rxe7 32. Rxe7 Kxe7 33. f4 Kd6 34. Kf2 1-0

[Event "FRA-chT2 0910"]
[Site "France"]
[Date "2009.11.22"]
[Round "4.4"]
[White "Mandarin, Vitomir"]
[Black "Fournet, Arnaud"]
[Result "1/2-1/2"]
[WhiteElo "2165"]
[BlackElo "2203"]
[PlyCount "136"]
[EventDate "2009.09.27"]
[EventType "team-tourn"]
[EventRounds "11"]
[EventCountry "FRA"]
[SourceTitle "EXT 2011"]
[Source "ChessBase"]
[SourceDate "2010.11.26"]
[SourceVersion "1"]
[SourceVersionDate "2010.11.26"]
[SourceQuality "1"]

1. Nf3 Nf6 2. d4 d5 3. e3 g6 4. Bd3 Bg7 5. Nbd2 c5 6. c3 cxd4 7. exd4 0-0 8. 0-0 b6 9. Re1 e6 10. Nf1 Ba6 11. Bxa6 Nxa6 12. Ng3 b5 13. Qe2 Qb6 14. a3 Nc7 15. Ne5 Rfd8 16. Qf3 Nce8 17. Bg5 h6 18. Bd2 Rac8 19. Re2 Rc7 20. Rae1 Kh7 21. Nd3 Nd6 22. Nc5 Nc4 23. Bc1 e5 24. dxe5 Nxe5 25. Rxe5 Qxc5 26. h4 Qc4 27. Bf4 Rcd7 28. Re7 d4 29. Rxd7 Nxd7 30. cxd4 Qxd4 31. Bc7 Rf8 32. Rd1 Ne5 33. Qe2 Qc4 34. Bxe5 Qxe2 35. Nxe2 Bxe5 36. Rd5 Bxb2 37. Rxb5 Bxa3 38. Ra5 Be7 39. Rxa7 Bxh4 40. g3 Bf6 41. Nf4 Kg8 42. Nd5 Bd4 43. Ra4 Be5 44. Re4 Bg7 45. Kg2 Rd8 46. Nf4 Bf6 47. Ne2 Kg7 48. Ra4 Rd2 49. Kf3 h5 50. Nf4 Bd4 51. Ne2 Bf6 52. Nf4 Rd7 53. Ra5 Kh6 54. Nd5 Bd8 55. Rb5 g5 56. Rc5 Rd6 57. Rb5 f5 58. Ne3 g4+ 59. Kg2 Kg6 60. Nxf5 Rd2 61. Ne3 Bf6 62. Rb6 Kg5 63. Rb5+ Kg6 64. Nf1 Ra2 65. Rd5 h4 66. gxh4 Bxh4 67. Ng3 Bxg3 68. Kxg3 Ra4 1/2-1/2

[Event "FRA-chT2S 0203"]
[Site "France"]
[Date "2002.11.16"]
[Round "2.2"]
[White "Piankov, Evgenij"]
[Black "Fournet, Arnaud"]
[Result "0-1"]
[WhiteElo "2353"]
[BlackElo "2263"]
[PlyCount "98"]
[EventDate "2002.10.??"]
[EventType "team-tourn"]
[EventRounds "11"]
[EventCountry "FRA"]
[SourceTitle "EXT 2004"]
[Source "ChessBase"]
[SourceDate "2003.11.25"]
[SourceVersion "1"]
[SourceVersionDate "2003.11.25"]
[SourceQuality "1"]
[WhiteTeam "Issy les Moulineaux"]
[BlackTeam "Bois Colombes"]
[WhiteTeamCountry "FRA"]
[BlackTeamCountry "FRA"]

1. d4 Nf6 2. Nf3 g6 3. Bg5 Bg7 4. Nbd2 h6 5. Bh4 0-0 6. e3 d6 7. Bc4 Nc6 8. 0-0 Na5 9. Be2 c5 10. c3 Bd7 11. b4 cxb4 12. cxb4 Nc6 13. a3 a6 14. Rc1 Rc8 15. Qb3 Na7 16. h3 Bc6 17. Bd3 Qe8 18. Bxf6 Bxf6 19. Bxg6 Ba4 20. Qa2 Nb5 21. Bd3 Nc3 22. Qb2 Nd5 23. Ne4 Bg7 24. Nc3 Nxc3 25. Rxc3 Rxc3 26. Qxc3 e5 27. dxe5 Bc6 28. e4 Bxe5 29. Nxe5 Qxe5 30. Qxe5 dxe5 31. f3 Rd8 32. Rd1 Ba4 33. Rd2 Bb5 34. Bxb5 Rxd2 35. Bc4 Rd1+ 36. Kf2 Ra1 37. Bd5 b6 38. Kg3 Kg7 39. Kg4 Kg6 40. g3 Rxa3 41. f4 f6 42. Be6 h5+ 43. Kh4 exf4 44. gxf4 Rf3 45. Bc4 Rxf4+ 46. Kg3 Rxe4 47. Bd3 f5 48. Bxe4 fxe4 49. Kf4 a5 0-1

[Event "FRA-chT2S 0203"]
[Site "France"]
[Date "2002.10.13"]
[Round "1.4"]
[White "Fournet, Arnaud"]
[Black "Stroppa, Daniel"]
[Result "1/2-1/2"]
[WhiteElo "2263"]
[BlackElo "2274"]
[PlyCount "83"]
[EventDate "2002.10.??"]
[EventType "team-tourn"]
[EventRounds "11"]
[EventCountry "FRA"]
[SourceTitle "EXT 2004"]
[Source "ChessBase"]
[SourceDate "2003.11.25"]
[SourceVersion "1"]
[SourceVersionDate "2003.11.25"]
[SourceQuality "1"]
[WhiteTeam "Bois Colombes"]
[BlackTeam "Clichy II"]
[WhiteTeamCountry "FRA"]
[BlackTeamCountry "FRA"]

1. e4 d6 2. d4 Nf6 3. Nc3 g6 4. Nf3 Bg7 5. Be2 0-0 6. 0-0 c5 7. Re1 cxd4 8. Nxd4 a6 9. a4 Nbd7 10. Bf1 Qc7 11. Nd5 Nxd5 12. exd5 Re8 13. c4 Nc5 14. Be3 e5 15. dxe6 fxe6 16. Rc1 Bd7 17. b3 h6 18. Ne2 Bc6 19. Nc3 a5 20. Bd3 Qf7 21. Bb1 Rad8 22. Nb5 Bxb5 23. axb5 b6 24. Qg4 g5 25. f4 Nxb3 26. fxg5 h5 27. Qe4 Nxc1 28. Qh7+ Kf8 29. Rxc1 Ke7 30. Rf1 Qg8 31. Qxh5 Rf8 32. Bxb6 Rxf1+ 33. Kxf1 Rc8 34. Bxa5 Rxc4 35. Bd2 Rd4 36. Be3 Rb4 37. Bd3 Rb3 38. Qg6 Qf8+ 39. Ke2 Rb2+ 40. Bc2 Rxb5 41. h4 Qf7 42. Qxf7+ 1/2-1/2

[Event "FRA-chT2"]
[Site "France"]
[Date "2002.03.09"]
[Round "8"]
[White "Fournet, Arnaud"]
[Black "Large, Laurent"]
[Result "1-0"]
[WhiteElo "2267"]
[BlackElo "2179"]
[PlyCount "101"]
[EventDate "2002.??.??"]
[EventType "team-tourn"]
[EventRounds "11"]
[EventCountry "FRA"]
[SourceTitle "EXT 2003"]
[Source "ChessBase"]
[SourceDate "2002.11.25"]
[SourceVersion "1"]
[SourceVersionDate "2002.11.25"]
[SourceQuality "1"]
[WhiteTeam "Bois Colombes"]
[BlackTeam "Le Vesinet"]
[WhiteTeamCountry "FRA"]
[BlackTeamCountry "FRA"]

1. e4 c5 2. Nf3 Nc6 3. d4 cxd4 4. Nxd4 g6 5. Be2 Bg7 6. Nb3 Nf6 7. Nc3 0-0 8. 0-0 b6 9. Re1 Bb7 10. Bf1 d6 11. Nd5 Nd7 12. c3 e6 13. Ne3 Nf6 14. Ng4 Nxg4 15. Qxg4 Rc8 16. Bg5 Qc7 17. Rad1 h6 18. Bc1 Ne5 19. Qh3 Kh7 20. f4 Nd7 21. f5 e5 22. g4 gxf5 23. exf5 f6 24. Bg2 Bxg2 25. Qxg2 Nc5 26. Rd5 Nxb3 27. axb3 Rfd8 28. Re3 Qf7 29. Red3 Bf8 30. Qe4 Rc5 31. c4 Rxd5 32. Rxd5 Rc8 33. Bd2 Rc5 34. Rxc5 dxc5 35. Kf2 Qd7 36. Qd5 Qg7 37. Kf3 Qe7 38. h3 Bg7 39. Be3 Qc7 40. Ke4 Qe7 41. Bd2 h5 42. Kf3 hxg4+ 43. hxg4 Bh6 44. Bxh6 Kxh6 45. g5+ fxg5 46. Qc6+ Kh7 47. Qg6+ Kh8 48. f6 Qb7+ 49. Ke3 Qh7 50. Qe8+ Qg8 51. f7 1-0